| Tag |
First Indicator |
Second Indicator |
Subfields |
| LEADER |
00000cam a2200000Ia 4500 |
| 001 |
in00001662313 |
| 005 |
20151024122113.0 |
| 008 |
020220s2001 dcud bt 000 0 eng d |
| 020 |
|
|
|a 0309069157
|
| 035 |
|
|
|a (OCoLC)ocm49048791
|
| 040 |
|
|
|a TRL
|c TRL
|d TXA
|d UtOrBLW
|
| 049 |
|
|
|a TXAM
|
| 090 |
|
|
|a JK468.T7
|b S33 2001
|
| 100 |
1 |
|
|a Sabol, Scott A.
|
| 245 |
1 |
0 |
|a Performance measures for research, development, and technology programs /
|c Scott A. Sabol.
|
| 264 |
|
1 |
|a Washington, D.C. :
|b National Academy Press,
|c 2001.
|
| 300 |
|
|
|a 97 pages :
|b charts ;
|c 28 cm.
|
| 336 |
|
|
|a text
|b txt
|2 rdacontent
|
| 337 |
|
|
|a unmediated
|b n
|2 rdamedia
|
| 338 |
|
|
|a volume
|b nc
|2 rdacarrier
|
| 490 |
1 |
|
|a Synthesis of highway practice,
|x 0547-5570 ;
|v 300
|
| 500 |
|
|
|a At head of title: National Cooperative Highway Research Program.
|
| 500 |
|
|
|a "Research sponsored by the American Association of State Highway and Transportation Officials in cooperation with the Federal Highway Administration."
|
| 500 |
|
|
|a "Transportation Research Board, National Research Council."
|
| 504 |
|
|
|a Includes bibliographical references (page 41).
|
| 650 |
|
0 |
|a Research and development contracts, Government
|z United States
|x States.
|
| 650 |
|
0 |
|a Transportation
|x Research
|z United States
|x States
|x Management.
|
| 650 |
|
0 |
|a Highway research
|z United States
|x States
|x Management.
|
| 710 |
2 |
|
|a National Cooperative Highway Research Program.
|
| 710 |
2 |
|
|a American Association of State Highway and Transportation Officials.
|
| 710 |
1 |
|
|a United States.
|b Federal Highway Administration.
|
| 710 |
2 |
|
|a National Research Council (U.S.).
|b Transportation Research Board.
|
| 830 |
|
0 |
|a Synthesis of highway practice.
|x 0547-5570 ;
|v 300.
|
| 948 |
|
|
|a cataloged
|b h
|c 2002/11/8
|d c
|e jgreene
|f 3:17:47 pm
|
| 994 |
|
|
|a E0
|b TXA
|
| 999 |
|
|
|a MARS
|
| 999 |
f |
f |
|s fe3e38a7-7a31-361f-8ece-3d9c0f236148
|i 850c53e0-a8ee-3cc8-b4c3-3a3184352598
|t 0
|
| 952 |
f |
f |
|p ric
|a Texas A&M University
|b Rellis Campus
|c Joint Library Facility
|d Remote Storage
|t 0
|e JK468.T7 S33 2001
|h Library of Congress classification
|i unmediated -- volume
|m A14829442006
|
| 998 |
f |
f |
|a JK468.T7 S33 2001
|t 0
|l Remote Storage
|